Science Quiz

Random Science Quiz

Common Metal Ions Quiz Stats

 Plays Quiz not verified by Sporcle

Score 0/16 Timer 03:00
0 Plays Today
Formula/Stock Stock/Formula % Correct
Cu+Copper (I)
78.3%
Hg 2+Mercury (II)
78.3%
Mn2+Manganese (II)
78.3%
Fe2+Iron (II)
78.3%
Cr2+Chromium (II)
78.3%
Sn2+Tin (II)
78.3%
Mn3+Manganese (III)
73.9%
Cr3+Chromium (III)
73.9%
Formula/Stock Stock/Formula % Correct
Lead (IV)Pb4+
65.2%
Iron (III)Fe3+
65.2%
Cobalt (II)Co2+
65.2%
Mercury (I)Hg2 2+
65.2%
Copper (II)Cu2+
65.2%
Tin (IV)Sn4+
65.2%
Lead (II)Pb2+
65.2%
Cobalt (III)Co3+
65.2%

You're not logged in!

Compare scores with friends on all Sporcle quizzes.
OR
Log In

Show Comments

Extras

Created Oct 28, 2010ReportNominate
Tags:challenge, common, formula, ion, metal, stock

Top Quizzes Today


Score Distribution

Your Account Isn't Verified!

In order to create a playlist on Sporcle, you need to verify the email address you used during registration. Go to your Sporcle Settings to finish the process.

Report this User

Report this user for behavior that violates our Community Guidelines.

Details: